| 000 | 01253nam a22002777a 4500 | ||
|---|---|---|---|
| 999 |
_c12585 _d12585 |
||
| 003 | AR-CdUCM | ||
| 008 | 190409b ||||| |||| 00| 0 spa d | ||
| 020 | _a9972-2670-6-7 | ||
| 040 |
_aMUNICIPALIDAD PROVINCIAL DEL CUSCO _cBIBLIOTECA MUNICIPAL DEL CUSCO |
||
| 082 |
_aC / 985.61 _bQ89 _2segunda. |
||
| 110 |
_aUniversidad Nacional Mayor de San Marcos _947301 |
||
| 245 | _aQ´ero el ultimo ayllu inka / | ||
| 260 |
_aLima : _bFondo Editorial de la Facultad de Ciencias Sociales, _bUniversidad Nacional Mayor de San Marcos, _c2005. |
||
| 300 |
_a456 paginas. : _bilustraciones ; _c23 cm. |
||
| 505 | _aContenido :Contiene. - El pasado. – El medio. – Ambiente y subsistencia. – Tecnología. – Organización social. – Religió e ideología. – Cultura expresiva. – Cambios. | ||
| 650 |
_aCultura andina _947302 |
||
| 650 |
_aReligiosidad andina _944127 |
||
| 650 |
_aVida y costumbres sociales _9857 |
||
| 700 |
_aFlores Ochoa, Jorge _92915 |
||
| 700 |
_aNúñez del Prado, Óscar _95531 |
||
| 710 |
_aUniversidad Nacional Mayor de San Marcos _947301 |
||
| 710 |
_aInstituto Nacional de Cultura _99 |
||
| 856 |
_uhttp://bvirtual.culturacusco.gob.pe/items/show/144 _zLeer en digital |
||
| 942 |
_2ddc _cLIBROS |
||
| 945 |
_awnts _d2019-04-09 |
||